[Event "Chojnice op-B"]
[Site "Chojnice"]
[Date "2009.07.15"]
[Round "7"]
[White "Rycyk, Radoslaw"]
[Black "Obrocki, Dariusz"]
[Result "1-0"]
[WhiteElo "1604"]
[BlackElo "1970"]
[PlyCount "76"]
[EventDate "2009.07.11"]
[EventType "swiss"]
[EventRounds "9"]
[EventCountry "POL"]
[SourceTitle "EXT 2011"]
[Source "ChessBase"]
[SourceDate "2010.11.26"]
[SourceVersion "1"]
[SourceVersionDate "2010.11.26"]
[SourceQuality "1"]

1. e4 e5 2. Nf3 Nc6 3. Bc4 Nf6 4. Ng5 Bc5 5. Nxf7 Bxf2+ 6. Kf1 Qe7 7. Nxh8 d5 8. exd5 Nd4 9. Be2 Nxe2 10. Qxe2 Bb6 11. h3 Bf5 12. d3 0-0-0 13. Nc3 e4 14. Bg5 Rxh8 15. dxe4 Bg6 16. e5 Qb4 17. exf6 gxf6 18. Bc1 Re8 19. Qg4+ Qxg4 20. hxg4 Bxc2 21. g3 Bd4 22. Bd2 b5 23. Re1 Rg8 24. Be3 Be5 25. Bf2 Rxg4 26. Rh4 Rg5 27. Ke2 a6 28. Kd2 Bg6 29. g4 b4 30. Ne4 Bf4+ 31. Be3 Rxd5+ 32. Ke2 Re5 33. Bxf4 Rxe4+ 34. Be3 f5 35. Rf1 fxg4 36. Rf4 Re5 37. Rfxg4 Bh5 38. Rxh5 Rxh5 1-0

[Event "Chojnice op-B"]
[Site "Chojnice"]
[Date "2009.07.11"]
[Round "1"]
[White "Kropidlowski, Maciej"]
[Black "Obrocki, Dariusz"]
[Result "0-1"]
[WhiteElo "1711"]
[BlackElo "1970"]
[PlyCount "99"]
[EventDate "2009.07.11"]
[EventType "swiss"]
[EventRounds "9"]
[EventCountry "POL"]
[SourceTitle "EXT 2011"]
[Source "ChessBase"]
[SourceDate "2010.11.26"]
[SourceVersion "1"]
[SourceVersionDate "2010.11.26"]
[SourceQuality "1"]

1. e4 e5 2. Bc4 Nc6 3. Nc3 Nf6 4. d3 h6 5. Nf3 Bc5 6. Be3 Bb6 7. 0-0 d6 8. h3 0-0 9. Qd2 Kh7 10. Na4 Bxe3 11. fxe3 Ne7 12. Nc3 c6 13. Bb3 a5 14. a4 Ng6 15. Rad1 Qe7 16. Ne2 Be6 17. Ng3 Bxb3 18. cxb3 Qe6 19. Qc3 Ne7 20. b4 g5 21. bxa5 g4 22. hxg4 Qxg4 23. Ne2 Rg8 24. Rf2 Rg7 25. Kf1 Qh5 26. Ke1 Ng4 27. Ng3 Qg6 28. Re2 Nxe3 29. Rxe3 Qxg3+ 30. Kd2 Qf4 31. Rde1 Rxg2+ 32. Kd1 Rg3 33. Ke2 Rag8 34. Qc1 Rg2+ 35. Kd1 R8g3 36. Rf1 Ng6 37. Qc4 Kg7 38. Nh2 Rf2 39. Rxf2 Qxf2 40. Re2 Qf4 41. d4 Rg1+ 42. Re1 Rxe1+ 43. Kxe1 Qxh2 44. a6 bxa6 45. Qxa6 Qxb2 46. Qxc6 Nf4 47. Qc4 exd4 48. e5 d3 49. Qe4 d2+ 50. Kd1 0-1

[Event "Niederschlesien-ch op"]
[Site "Wroclaw"]
[Date "2007.06.28"]
[Round "8"]
[White "Kuzmicz, Krystian"]
[Black "Obrocki, Dariusz"]
[Result "1-0"]
[WhiteElo "2397"]
[BlackElo "1930"]
[PlyCount "69"]
[EventDate "2007.06.25"]
[EventType "swiss"]
[EventRounds "9"]
[EventCountry "POL"]
[SourceTitle "EXT 2011"]
[Source "ChessBase"]
[SourceDate "2010.11.26"]
[SourceVersion "1"]
[SourceVersionDate "2010.11.26"]
[SourceQuality "1"]

1. g3 e5 2. Bg2 Nc6 3. c4 g6 4. Nc3 Bg7 5. d3 d6 6. Rb1 Be6 7. b4 Qd7 8. e3 f5 9. Nge2 Nf6 10. b5 Nd8 11. Qb3 0-0 12. 0-0 h6 13. Bd2 Kh7 14. a4 g5 15. f4 gxf4 16. exf4 Qf7 17. Nd5 e4 18. Ne3 d5 19. dxe4 dxe4 20. Bb4 Rg8 21. Nd4 Nh5 22. Rbd1 c6 23. Qc2 Kh8 24. Bd6 Rc8 25. c5 b6 26. cxb6 cxb5 27. Qb1 Nb7 28. Be5 bxa4 29. bxa7 Bxe5 30. fxe5 Nc5 31. Qb6 f4 32. a8Q Rxa8 33. Qxc5 f3 34. Qc6 Rae8 35. Qxe4 1-0

[Event "Niederschlesien-ch op"]
[Site "Wroclaw"]
[Date "2007.06.27"]
[Round "5"]
[White "Obrocki, Dariusz"]
[Black "Iwanow, Anna"]
[Result "1-0"]
[WhiteElo "1930"]
[BlackElo "1887"]
[PlyCount "71"]
[EventDate "2007.06.25"]
[EventType "swiss"]
[EventRounds "9"]
[EventCountry "POL"]
[SourceTitle "EXT 2011"]
[Source "ChessBase"]
[SourceDate "2010.11.26"]
[SourceVersion "1"]
[SourceVersionDate "2010.11.26"]
[SourceQuality "1"]

1. e4 c5 2. Nc3 e6 3. g3 Nc6 4. Bg2 g6 5. d3 Bg7 6. Be3 Qa5 7. Qd2 h5 8. f4 Nge7 9. Nf3 d5 10. Nd1 Nb4 11. 0-0 d4 12. Bf2 Nbc6 13. Qe2 Qc7 14. Be1 Bd7 15. Bd2 0-0 16. a3 a5 17. Nf2 f5 18. Ng5 Qd6 19. Rae1 Rae8 20. Bf3 Bh6 21. Nfh3 Kh8 22. Kh1 b5 23. Rg1 a4 24. e5 Qc7 25. Bxh5 gxh5 26. Qxh5 Kg7 27. g4 Nd8 28. gxf5 Nxf5 29. Ne4+ Kh8 30. Rg6 Nf7 31. Nhg5 Qd8 32. Rg1 Qe7 33. Rg4 Bc8 34. Nf6 Rd8 35. Nxf7+ Qxf7 36. Rxh6+ 1-0

[Event "Niederschlesien-ch op"]
[Site "Wroclaw"]
[Date "2007.06.26"]
[Round "3"]
[White "Obrocki, Dariusz"]
[Black "Januszewski, Tomasz"]
[Result "0-1"]
[WhiteElo "1930"]
[BlackElo "2025"]
[PlyCount "88"]
[EventDate "2007.06.25"]
[EventType "swiss"]
[EventRounds "9"]
[EventCountry "POL"]
[SourceTitle "EXT 2011"]
[Source "ChessBase"]
[SourceDate "2010.11.26"]
[SourceVersion "1"]
[SourceVersionDate "2010.11.26"]
[SourceQuality "1"]

1. e4 c5 2. Nc3 Nc6 3. g3 g6 4. Bg2 Bg7 5. d3 Rb8 6. Be3 b5 7. Qd2 d6 8. f4 e6 9. Nf3 Nd4 10. 0-0 Ne7 11. h3 0-0 12. Kh2 b4 13. Nd1 Ba6 14. g4 f5 15. e5 Nec6 16. c3 bxc3 17. bxc3 Nxf3+ 18. Bxf3 Qd7 19. exd6 Qxd6 20. Re1 fxg4 21. hxg4 e5 22. Qf2 Rb5 23. Qc2 exf4 24. Bf2 Ne5 25. Qe2 Nxf3+ 26. Qxf3 Bb7 27. Qh3 f3+ 28. Bg3 Qxd3 29. Nf2 Qxc3 30. Qh4 Qf6 31. Qh3 Rb2 32. Rad1 Re2 33. Rf1 Rd8 34. Kg1 c4 35. Bc7 Rd4 36. Ba5 Qd6 37. Rb1 Bc6 38. g5 Rxf2 39. Kxf2 Rd2+ 40. Bxd2 Qxd2+ 41. Kg3 Be5+ 42. Kh4 Qf4+ 43. Qg4 Qh2+ 44. Qh3 Bg3+ 0-1

[Event "Niederschlesien-ch op"]
[Site "Wroclaw"]
[Date "2007.06.25"]
[Round "2"]
[White "Chrzanowski, Michal"]
[Black "Obrocki, Dariusz"]
[Result "1/2-1/2"]
[WhiteElo "1999"]
[BlackElo "1930"]
[PlyCount "71"]
[EventDate "2007.06.25"]
[EventType "swiss"]
[EventRounds "9"]
[EventCountry "POL"]
[SourceTitle "EXT 2011"]
[Source "ChessBase"]
[SourceDate "2010.11.26"]
[SourceVersion "1"]
[SourceVersionDate "2010.11.26"]
[SourceQuality "1"]

1. e4 e5 2. Nf3 Nc6 3. Bb5 f5 4. Nc3 fxe4 5. Nxe4 d5 6. Nxe5 dxe4 7. Nxc6 Qg5 8. Qe2 Nf6 9. f4 Qxf4 10. d4 Qh4+ 11. g3 Qh3 12. Nxa7+ Kd8 13. Nxc8 Kxc8 14. Bg5 Bd6 15. 0-0-0 Rxa2 16. Kb1 Ra5 17. Rhf1 Qe6 18. Bc4 Qe7 19. Bxf6 gxf6 20. Qg4+ Kb8 21. Rde1 Re8 22. Rf5 Qd7 23. Rg5 f5 24. Qe2 Qa4 25. c3 b5 26. Bf7 Rf8 27. Rg8 b4 28. Qd1 Qa1+ 29. Kc2 Qxd1+ 30. Rxd1 bxc3 31. bxc3 Rxg8 32. Bxg8 h5 33. Rb1+ Kc8 34. Be6+ Kd8 35. Rf1 h4 36. Rf4 1/2-1/2

[Event "Raciborz op"]
[Site "Raciborz"]
[Date "2007.02.17"]
[Round "2"]
[White "Obrocki, Dariusz"]
[Black "Wieczorek, Zbigniew"]
[Result "0-1"]
[WhiteElo "1915"]
[BlackElo "2298"]
[PlyCount "60"]
[EventDate "2007.02.17"]
[EventType "swiss"]
[EventRounds "9"]
[EventCountry "POL"]
[SourceTitle "EXT 2011"]
[Source "ChessBase"]
[SourceDate "2010.11.26"]
[SourceVersion "1"]
[SourceVersionDate "2010.11.26"]
[SourceQuality "1"]

1. e4 c5 2. Nc3 a6 3. g3 b5 4. Bg2 Bb7 5. f4 e6 6. d3 d5 7. Nf3 b4 8. Ne2 dxe4 9. Ng5 Qd7 10. Bxe4 h6 11. Bxb7 Qxb7 12. Ne4 f5 13. Nf2 Nf6 14. h3 Nc6 15. 0-0 Be7 16. Kh2 h5 17. Ng1 Ng4+ 18. Nxg4 hxg4 19. c3 Kf7 20. Qe2 Rh6 21. Re1 Qd7 22. Be3 Rah8 23. Qg2 Bf6 24. Rac1 bxc3 25. bxc3 Qd6 26. h4 Rxh4+ 27. gxh4 Bxh4 28. Re2 Bf2+ 29. Nh3 Bxe3 30. Rxe3 Qxf4+ 0-1

[Event "Rewal op 11th"]
[Site "Rewal"]
[Date "2006.08.26"]
[Round "8"]
[White "Krajewicz, Pawel"]
[Black "Obrocki, Dariusz"]
[Result "1-0"]
[WhiteElo "2004"]
[BlackElo "1935"]
[PlyCount "61"]
[EventDate "2006.08.21"]
[EventType "swiss"]
[EventRounds "11"]
[EventCountry "POL"]
[SourceTitle "EXT 2010"]
[Source "ChessBase"]
[SourceDate "2010.11.25"]
[SourceVersion "1"]
[SourceVersionDate "2010.11.25"]
[SourceQuality "1"]

1. d4 Nf6 2. c4 e5 3. dxe5 Ng4 4. Bf4 Nc6 5. Nf3 Bb4+ 6. Nbd2 Qe7 7. e3 Ngxe5 8. Nxe5 Nxe5 9. Be2 0-0 10. 0-0 d6 11. Nb3 b6 12. a3 Bc5 13. Nd4 Bxd4 14. exd4 Ng6 15. Bf3 Rb8 16. Bg3 Nh4 17. Bxh4 Qxh4 18. Re1 Bf5 19. Bc6 Bc8 20. Re4 Qf6 21. Qa4 a6 22. Rae1 h6 23. Bd5 b5 24. cxb5 axb5 25. Qa7 Bf5 26. R4e3 c5 27. dxc5 dxc5 28. Qxc5 Qxb2 29. h3 Rbc8 30. Qe7 Rc2 31. Qxf8+ 1-0

[Event "Rewal op 11th"]
[Site "Rewal"]
[Date "2006.08.26"]
[Round "7"]
[White "Obrocki, Dariusz"]
[Black "Wolski, Arkadiusz"]
[Result "1-0"]
[WhiteElo "1935"]
[BlackElo "1695"]
[PlyCount "61"]
[EventDate "2006.08.21"]
[EventType "swiss"]
[EventRounds "11"]
[EventCountry "POL"]
[SourceTitle "EXT 2010"]
[Source "ChessBase"]
[SourceDate "2010.11.25"]
[SourceVersion "1"]
[SourceVersionDate "2010.11.25"]
[SourceQuality "1"]

1. e4 c6 2. d4 d5 3. Nc3 dxe4 4. Nxe4 Nd7 5. Bc4 Ngf6 6. Ng5 e6 7. N1f3 Nb6 8. Bd3 Bd6 9. 0-0 0-0 10. Ne5 Nbd7 11. Re1 c5 12. c3 h6 13. Ngf3 cxd4 14. cxd4 Bb4 15. Bd2 Bxd2 16. Qxd2 Nd5 17. Rac1 N7f6 18. Bb1 Bd7 19. h3 Bb5 20. Rc5 Ba6 21. Kh2 Qd6 22. g4 Nd7 23. Qc2 N5f6 24. Rc7 Rfd8 25. Kg2 b6 26. g5 hxg5 27. Nxg5 Rac8 28. Rc3 Rf8 29. Nxd7 Qxd7 30. Nh7 Rxc3 31. Nxf6+ 1-0

[Event "Rewal op 11th"]
[Site "Rewal"]
[Date "2006.08.21"]
[Round "2"]
[White "Obrocki, Dariusz"]
[Black "Damia, Angelo"]
[Result "0-1"]
[WhiteElo "1935"]
[BlackElo "2099"]
[PlyCount "67"]
[EventDate "2006.08.21"]
[EventType "swiss"]
[EventRounds "11"]
[EventCountry "POL"]
[SourceTitle "EXT 2010"]
[Source "ChessBase"]
[SourceDate "2010.11.25"]
[SourceVersion "1"]
[SourceVersionDate "2010.11.25"]
[SourceQuality "1"]

1. e4 c5 2. Nc3 Nc6 3. g3 g6 4. Bg2 Bg7 5. f4 e6 6. Nf3 Nge7 7. d3 0-0 8. 0-0 d5 9. h3 Rb8 10. Qe2 b5 11. e5 Bd7 12. g4 b4 13. Nd1 f5 14. exf6 Bxf6 15. Be3 d4 16. Bd2 Nd5 17. Nf2 Ne3 18. Bxe3 dxe3 19. Qxe3 Bxb2 20. Rab1 Bd4 21. Nxd4 Nxd4 22. Ne4 Nxc2 23. Qxc5 Qb6 24. Kh2 Ne3 25. Rf2 Nxg2 26. Kxg2 Bc6 27. Qe5 Bxe4+ 28. dxe4 Rfd8 29. Rc1 Rb7 30. Rfc2 Rbd7 31. Rc6 Rd2+ 32. Kh1 Rd1+ 33. Rxd1 Rxd1+ 34. Kg2 0-1